000 00417 a2200157 4500
005 20250516073604.0
020 _a978-1-119-70299-3
082 _a587.7
100 _aMANGAN, J.
245 _aGlobal Logistics and Supply Chain Management.
250 _a4th Ed.
260 _aUnited Kingdom,
_bLise Johnson,
_c2021.
300 _axviii, 293p.;
_bill.;
_c24cm.
700 _aLALWANI, C & CALATAYUD, A.
942 _2ddc
_cBKS
999 _c2348
_d2348